La città dei lupi blu /

Guardat en:
Dades bibliogràfiques
Autor principal: Viale, Marco (Autor)
Format: Llibre
Idioma:italià
Publicat: Torino : Giralangolo, 2012
Col·lecció:Giralangolo Illustrati
Etiquetes: Afegir etiqueta
Sense etiquetes, Sigues el primer a etiquetar aquest registre!

MARC

LEADER 00000nam a22000007i 4500
001 IT\ICCU\RAV\1957131
003 ItRI
005 20260115232131.0
008 120324s2012 it |||||| |||||1|||||c
020 |a 9788866390947 
040 |b ita  |c importazione bologna sebina 
041 7 |a ita  |2 ISO-639-2 
082 |a 853.92  |9 NARRATIVA ITALIANA, 2000-  |2 21 
100 1 |a Viale, Marco  |0 IT\ICCU\VIAV\101147  |4 aut 
240 1 3 |a La città dei lupi blù  |3 IT\ICCU\BCT\0007516  |9 Viale, Marco 
245 1 3 |a La città dei lupi blu /  |c Marco Viale. 
260 |a Torino :  |b Giralangolo,  |c 2012 
300 |a 1 volume (senza paginazione) :  |b in gran parte ill. ;  |c 30x30 cm 
500 |a [Il titolo della collana si ricava dal sito editoriale]  |9 IT\ICCU\UBO\4777707 
500 |a In copertina: Premio nazionale Nati per Leggere 4. edizione 2013 
752 |a it   |d Torino 
830 0 |a Giralangolo Illustrati  |0 IT\ICCU\UBO\4777707 
942 |2 ddc  |c BK  |n 0 
952 |0 0  |1 0  |4 0  |6 R_853_920000000000000_VIA  |7 0  |9 20636  |a BO  |b BO  |d 2026-01-15  |i 18797  |l 0  |o R 853.92 VIA  |p BO18797  |r 2026-01-15 23:21:31  |w 2026-01-15  |x [Sebina 5] [1 v.]  |y BK  |z 1 v. (rist. 2016) 
999 |c 17622  |d 17622